Educación física para niños y niñas con necesidades educativas especiales
Guardat en:
| Autors principals: | , |
|---|---|
| Format: | Llibre |
| Idioma: | espanyol |
| Publicat: |
Málaga
Aljibe
1995
|
| Col·lecció: | Colección Educación para la Diversidad
|
| Matèries: | |
| Etiquetes: |
Afegir etiqueta
Sense etiquetes, Sigues el primer a etiquetar aquest registre!
|
MARC
| LEADER | 00000nam a2200000 a 4500 | ||
|---|---|---|---|
| 001 | UCQ1006 | ||
| 003 | CL-VaPUC | ||
| 008 | 980703e19950000SP |||||||||||||||||spa|d | ||
| 082 | 0 | 4 | |a 371.9 |b TOR |2 21 |
| 100 | 0 | |a Toro Bueno, Salvador |e author |9 414504 | |
| 700 | 0 | |a Zarco Resa, Juan A |e author |9 414505 | |
| 245 | 1 | 0 | |a Educación física para niños y niñas con necesidades educativas especiales |
| 300 | |a 369 p | ||
| 942 | |c BK | ||
| 945 | |d 19980703 00:00:00 |a aalvarez | ||
| 260 | |a Málaga |b Aljibe |c 1995 | ||
| 650 | 0 | |a Educación especial |9 307486 | |
| 650 | 0 | |a Educación física |9 240893 | |
| 650 | 7 | |a NIÑOS INCAPACITADOS MENTALMENTE |2 CL-VaPUC |9 414506 | |
| 583 | |a last modification |c 19980703 00:00:00 |k Rodrigo Vera | ||
| 490 | 0 | |a Colección Educación para la Diversidad | |
| 999 | |c 272018 |d 272016 | ||
| 952 | |0 0 |1 0 |4 0 |6 371_900000000000000_TOR_1995 |7 0 |8 A |9 306841 |a BIBEDU |b BIBEDU |c ES_NOD |d 2019-11-20 |i 3439917 |o 371.9 TOR 1995 |p 3439917 |r 2023-08-09 |w 2019-11-20 |y BK |k BME | ||